A quelle distance de Paris ont eu lieu ces batailles célèbres ? - Statistiques

Statistiques générales
  • Ce quiz a été pris 18 fois
  • Le résultat moyen est 2 sur 25
Statistiques - réponses
Hint Réponse % Correct
Jérusalem (1099) 4202 km
64%
Solférino (1859) 921 km
29%
Patay (1429) 113 km
14%
Austerlitz (1805) 1185 km
14%
Alésia (- 52) 240 km
14%
Marengo (1800) 788 km
14%
Marignan (1515) 816 km
14%
Lens (1648) 195 km
7%
Sedan (1870) 237 km
7%
Verdun (1916) 244 km
7%
Fleurus (1794) 267 km
7%
Waterloo (1815) 274 km
7%
Poitiers (732) 322 km
7%
Tolbiac (496) 370 km
7%
Rivoli (1797) 698 km
7%
Crécy (1346) 176 km
0%
Valmy (1792) 195 km
0%
Azincourt (1415) 200 km
0%
Rocroi (1643) 218 km
0%
Bouvines (1214) 218 km
0%
Fontenoy (1745) 226 km
0%
Hastings (1066) 329 km
0%
Castillon (1453) 525 km
0%
Roncevaux (778) 788 km
0%
Toulon '1793) 800 km
0%
Aucun quiz correspondant
Distribution des résultats
% des personnes avec chaque résultat
Percentile par nombre de réponses
Votre historique - résultats
Vous n’avez pas pris ce quiz